| 000 | 00630nam a2200193 a 4500 | ||
|---|---|---|---|
| 005 | 20221117063717.0 | ||
| 008 | 070814s2005 mx r 000 0 spa d | ||
| 020 | _a8480637048 | ||
| 035 | _aUPN01000150859 | ||
| 049 | _aCG | ||
| 050 | 4 |
_aLB1719 A4.4 _bV3.3 |
|
| 100 | 1 |
_aVaillant, Denise _942013 |
|
| 245 | 1 | 0 |
_aFormación de docentes en América Latina : _bre-inventando el modelo tradicional / _cDenise Vaillant. |
| 260 |
_aEspaña : _bOctaedro, _c2005. |
||
| 300 | _a117 p. | ||
| 440 | 0 |
_aBiblioteca latinoamericana de educación ; _v15 |
|
| 650 | 4 |
_aMaestros _xFormación profesional _zAmérica Latina _9765 |
|
| 905 | _aLibro | ||
| 999 |
_c122999 _d122999 |
||